| 000 | 00000nam##2200000za#4500 |
| 001 | 9.573424 |
| 003 | CaOODSP |
| 005 | 20210929082754 |
| 007 | cr ||||||||||| |
| 008 | 150406|1995||||xxc|||||o f|0| 0 eng|d |
| 040 | |aCaOODSP|beng |
| 043 | |an-cn--- |
| 086 | 1 |aFo29-44/95-05E-PDF |
| 110 | 1 |aCanada. |bNatural Resources Canada. |bCanadian Forest Service. |
| 245 | 10|aForest biotechnology in Canada : |h[electronic resource]|banalysis of intellectual property rights and protection of higher life forms |
| 260 | |aVictoria - British Columbia : |bNatural Resources Canada. |cMarch 1995. |
| 300 | |a143p.|bfigs., graphs, references, tables |
| 490 | 1 |aWorking paper |
| 504 | |aBibliography. |
| 520 | 3 |aThis study focuses on the potential impact and desirability of patenting higher lifeforms (multicellular organisms) for application in forestry, specifically seeds and biopesticides.--Introduction |
| 590 | |a12-17-Supp|b2012-04-20 |
| 690 | 07|aBiotechnology|2gcpds |
| 690 | 07|aForestry industry|2gcpds |
| 776 | 0#|tForest biotechnology in Canada : |w(CaOODSP)9.612472 |
| 830 | #0|aWorking paper.|w(CaOODSP)9.506906 |
| 856 | 40|ahttp://publications.gc.ca|qPDF|s695 KB|uhttps://publications.gc.ca/collections/Collection/Fo29-44-95-05E.pdf |